LEADER 02013nam 2200457 450 001 9910466637203321 005 20200123083135.0 010 $a2-87489-248-3 035 $a(CKB)3790000000018330 035 $a(EBL)2085153 035 $a(MiAaPQ)EBC2085153 035 $a(Au-PeEL)EBL2085153 035 $a(OCoLC)914152035 035 $a(EXLCZ)993790000000018330 100 $a20200123d2014 uy 0 101 0 $afre 135 $aur|n|---||||| 181 $ctxt$2rdacontent 182 $cc$2rdamedia 183 $acr$2rdacarrier 200 10$aAvoir des be?be?s autrement ... $econception me?dicalement assiste?e : essai d'e?thique narrative a? propos de quelques histoires ve?cues... /$fJean-Michel Debry 210 1$aNeufcha?teau :$cWeyrich,$d[2014] 210 4$d©2014 215 $a1 online resource (160 p.) 225 1 $aLe printemps de l'e?thique ;$vv.3 300 $aDescription based upon print version of record. 311 $a2-87489-111-8 327 $aCouverture; Page de titre; Pre?face; Avertissement; Avant-propos; Chapitre 1 : Quand le de?sir d'enfants de?borde du couple; Le second pe?re; La confiance brise?e; L'histoire recompose?e; Fatima; Chapitre 2 : Entre de?sir d'enfantss et exploitation biome?dicale; Un gyne?cologue de courtoisie; Chapitre 3 : Entre envie apparente et faux de?sir; Quand l'inconscient s'en me?le; Deux enfants en larmes; Chapitre 4 : Un enfant. Par-dessus tout; Un mutisme de?termine?; Joe?lle et ses embryons congele?s; Chapitre 5 : Des ressources de la nature humaine; Toutes des femmes, mais si diffe?rentes; Une famille normale 410 0$aLe printemps de l'e?thique 606 $aChildbirth 608 $aElectronic books. 615 0$aChildbirth. 676 $a618.4 700 $aDebry$b Jean-Michel$0935342 801 0$bMiAaPQ 801 1$bMiAaPQ 801 2$bMiAaPQ 906 $aBOOK 912 $a9910466637203321 996 $aAvoir des be?be?s autrement ..$92106657 997 $aUNINA LEADER 01258nam0 22003011i 450 001 VAN00012900 005 20240806100254.507 010 $a88-7284-088-0 020 $aIT$b96 936s 100 $a20030211d1993 |0itac50 ba 101 $aita 102 $aIT 105 $a|||| 1|||| 200 1 $aCassiodoro$edalla corte di Ravenna al Vivarium di Squillace$eatti del Convegno internazionale di studi, Squillace, 25-27 ottobre 1990$fa cura di Sandro Leanza 210 $aSoveria Mannelli [etc.]$cRubbettino$d1993 215 $aXVIII, 318 p.$d25 cm. 410 1$1001VAN00012914$12001 $aBiblioteca vivariensis$1210 $aSoveria Mannelli$cRubbettino.$v2 606 $aCassiodoro, Flavio Magno Aurelio$xCongressi$x1990$3VANC006873$2FI 620 $dSoveria Mannelli$3VANL000176 676 $a945.013092$v21 702 1$aLeanza$bSandro$3VANV009559 712 $aRubbettino $3VANV108475$4650 801 $aIT$bSOL$c20260306$gRICA 899 $aBIBLIOTECA DEL DIPARTIMENTO DI GIURISPRUDENZA$1IT-CE0105$2VAN00 912 $aVAN00012900 950 $aBIBLIOTECA DEL DIPARTIMENTO DI GIURISPRUDENZA$d00CONS XVIII.H.28 $e00 8673 20030211 996 $aCASSIODORO$9659050 997 $aUNICAMPANIA LEADER 02268nam0 22005653i 450 001 VAN00291242 005 20260330114453.211 017 70$2N$a9781468401288 100 $a20250410d1993 |0itac50 ba 101 $aeng 102 $aUS 105 $a|||| ||||| 181 $ai$b e 182 $ab 183 $acr 200 1 $aˆA ‰course in the theory of groups$fDerek J. S. Robinson 210 $aNew York [etc.]$cSpringer$d1993 215 $axvii, 481 p.$cill.$d25 cm 410 1$1001VAN00023579$12001 $aGraduate texts in mathematics$1210 $aNew York [etc.]$cSpringer$d1950-$v80 500 1$3VAN00304022$aˆA ‰course in the theory of groups$9348258 606 $a20-XX$xGroup theory and generalizations [MSC 2020]$3VANC019715$2MF 606 $a20Exx$xStructure and classification of infinite or finite groups [MSC 2020]$3VANC023969$2MF 606 $a20Fxx$xSpecial aspects of infinite or finite groups [MSC 2020]$3VANC023970$2MF 610 $aAbelian groups$9KW:K 610 $aAlgebra$9KW:K 610 $aAutomorphisms$9KW:K 610 $aCohomology$9KW:K 610 $aFinite$9KW:K 610 $aFinite Groups$9KW:K 610 $aGroup actions$9KW:K 610 $aGroup theory$9KW:K 610 $aGroups$9KW:K 610 $aMathematics$9KW:K 610 $aMutation$9KW:K 610 $aPermutation$9KW:K 610 $aSemigroups$9KW:K 610 $aSymmetry$9KW:K 620 $aUS$dNew York$3VANL000011 700 1$aRobinson$bDerek J. S.$3VANV037298$040677 712 $aSpringer $3VANV108073$4650 790 1$aRobinson, Derek John Scott$zRobinson, Derek J. S.$3VANV061331 790 1$aRobinson, D. J. S.$zRobinson, Derek J. S.$3VANV061332 801 $aIT$bSOL$c20260403$gRICA 856 4 $uhttps://doi.org/10.1007/978-1-4684-0128-8$zE-book ? Accesso al full-text attraverso riconoscimento IP di Ateneo, proxy e/o Shibboleth 899 $aBIBLIOTECA DEL DIPARTIMENTO DI MATEMATICA E FISICA$1IT-CE0120$2VAN08 912 $fN 912 $aVAN00291242 950 $aBIBLIOTECA DEL DIPARTIMENTO DI MATEMATICA E FISICA$d08DLOAD e-Book 11410 $e08eMF11410 20250611 996 $aCourse in the theory of groups$9348258 997 $aUNICAMPANIA